ბათუმის შოთა რუსთაველის სახელმწიფო უნივერსიტეტის ბიბლიოთეკა

Вопросы Культурологии. №6 2014 (ბიბ.ჩანაწერი № 43901)

000 -LEADER
fixed length control field 00745nam a2200217Ia 4500
001 - CONTROL NUMBER
control field 10650
003 - CONTROL NUMBER IDENTIFIER
control field GE_BSU
008 - FIXED-LENGTH DATA ELEMENTS--GENERAL INFORMATION
fixed length control field 181216s||||||||xx |||||||||||||| ||und||
040 ## - CATALOGING SOURCE
Transcribing agency GE_BSU
245 ## - TITLE STATEMENT
Title Вопросы Культурологии. №6 2014
245 ## - TITLE STATEMENT
Remainder of title научно-практический и методический журнал.
245 ## - TITLE STATEMENT
Statement of responsibility, etc. Гл.ред.Агошков Андрей Валерьевич
260 ## - PUBLICATION, DISTRIBUTION, ETC.
Place of publication, distribution, etc. Москва
260 ## - PUBLICATION, DISTRIBUTION, ETC.
Name of publisher, distributor, etc. Панорама
260 ## - PUBLICATION, DISTRIBUTION, ETC.
Date of publication, distribution, etc. 2014.
300 ## - PHYSICAL DESCRIPTION
Extent 107стр.26см.
653 ## - INDEX TERM--UNCONTROLLED
Uncontrolled term Вопросы Культурологии
653 ## - INDEX TERM--UNCONTROLLED
Uncontrolled term научно-практический и методический журнал.
653 ## - INDEX TERM--UNCONTROLLED
Uncontrolled term პერიოდიკა
942 ## - ADDED ENTRY ELEMENTS (KOHA)
Koha item type პერიოდიკა
ეგზემპლარები
Withdrawn status Lost status Damaged status Not for loan Date acquired Barcode Date last seen Price effective from Koha item type
        2018-12-17 p76348 2018-12-17 2018-12-17 პერიოდიკა